Kereskedelmi vállalati stratégiák bemutatása B2B és B2C vállalaton keresztül
| Szerző: | |
|---|---|
| További közreműködők: | |
| Dokumentumtípus: | Diplomadolgozat |
| Kulcsszavak: | B2B B2C kereskedelem piacelemzés stratégia |
| Online Access: | http://dolgozattar.uni-bge.hu/60111 |
MARC
| LEADER | 00000nta a2200000 i 4500 | ||
|---|---|---|---|
| 001 | dolg60111 | ||
| 005 | 20260409150014.0 | ||
| 008 | 260409suuuu hu om 000 hun d | ||
| 040 | |a BGE Dolgozattár Repozitórium |b hun | ||
| 041 | |a hu | ||
| 100 | 1 | |a Tombor Rebeka | |
| 245 | 1 | 0 | |a Kereskedelmi vállalati stratégiák bemutatása B2B és B2C vállalaton keresztül |c Tombor Rebeka |h [elektronikus dokumentum] |
| 520 | 3 | |a Kereskedelmi vállalatoknak több területen is folyamatosan döntéseket kell hozniuk a sikeres működéshez. Különböző stratégiák segíthetik őket abban, hogy céljaikat elérjék. Ezeknek a kialakításához a vállalatoknak ismerniük kell a piacot, amin működnek, a versenytársaikat a saját belső működésük különböző lépéseit és ezek folyamatos változásaival is tisztában kell lenniük. A stratégia mindig egy hosszabb távra vonatkozó terv és cél, aminek minden esetben illeszkednie kell a vállalati misszióhoz és vízióhoz. A külső és belső célok, valamint folyamatok összehangolása szükséges ahhoz, hogy a vállalat a stratégiát optimálisan tudja kialakítani, ehhez folyamatos tervezésre van szükség, a vállalat és a fogyasztók számának növekedésével egyre szélesebb körben. | |
| 695 | |a B2B | ||
| 695 | |a B2C | ||
| 695 | |a kereskedelem | ||
| 695 | |a piacelemzés | ||
| 695 | |a stratégia | ||
| 700 | 1 | |a Kasza Lajos |e ths | |
| 856 | 4 | 0 | |u http://dolgozattar.uni-bge.hu/60111/1/Tombor_Rebeka_c4wyen_Kereskedelmi%20v%C3%A1llalati%20strat%C3%A9gi%C3%A1k.pdf |z Dokumentum-elérés |
| 856 | 4 | 0 | |u http://dolgozattar.uni-bge.hu/60111/2/Tombor%20Rebeka%20BA%20KM%20magyar%20b%C3%ADr%C3%A1lati%20lap%20BELS%C5%90.pdf |z Dokumentum-elérés |
| 856 | 4 | 0 | |u http://dolgozattar.uni-bge.hu/60111/3/Tombor%20Rebeka%20magyar%20b%C3%ADr%C3%A1lati%20lap%20K%C3%9CLS%C5%90.pdf |z Dokumentum-elérés |